|
|
|
|
| LEADER |
00000cam a2200000 a 4500 |
| 001 |
vtls001451290 |
| 003 |
SK-MaSNL |
| 005 |
20260301203134.0 |
| 008 |
240226s2002 xo oal frp 000 0 slo |
| 015 |
|
|
|a SNBA2003/10-03851
|
| 020 |
|
|
|a 8070998490
|q (brožované)
|
| 035 |
|
|
|a SNK000406590
|
| 035 |
|
|
|a urn:nbn:sk:snk-am3iqf2
|
| 035 |
|
|
|a 66D90570-2224-4D88-B35E-36BA41E4158F
|
| 035 |
|
|
|a urn:nbn:sk:snk-am00fdyr
|
| 040 |
|
|
|a SNK
|b slo
|c SNK
|e AACR2
|
| 041 |
0 |
|
|a slo
|
| 044 |
|
|
|a xo
|c SK
|
| 072 |
|
7 |
|a 7.01/.09
|x Umenie
|2 konspekt
|
| 072 |
|
7 |
|a 37.016
|x Učebné osnovy. Vyučovacie predmety. Učebnice
|2 konspekt
|
| 080 |
|
|
|a 7.05:502(075.8)
|2 1997
|
| 080 |
|
|
|a 7.05
|2 2011
|
| 080 |
|
|
|a 502/504
|2 2011
|
| 080 |
|
|
|a (075.8)
|2 2011
|
| 100 |
1 |
|
|a Šuch, Dušan,
|d 1961-
|4 aut
|9 19359
|
| 245 |
1 |
0 |
|a Environmentálne aspekty dizajnu
|c Dušan Šuch
|
| 250 |
|
|
|a 1. vyd.
|
| 260 |
|
|
|a V Košiciach
|b Technická univerzita
|c 2002
|
| 300 |
|
|
|a 54 listov
|b fotografie, ilustrácie, schémy
|c 21 x 30 cm
|
| 650 |
0 |
7 |
|a dizajn
|2 SNKPH
|9 762
|
| 650 |
0 |
7 |
|a environmentálne aspekty
|2 SNKPH
|9 3840
|
| 655 |
|
7 |
|a učebnice vysokých škôl
|2 SNKPH
|9 70191
|
| 752 |
|
|
|a Slovensko
|d Košice
|
| 919 |
|
|
|a 80-7099-849-0
|
| 958 |
|
|
|a TL
|
| 958 |
|
|
|a UV
|
| 958 |
|
|
|a OND
|
| 999 |
|
|
|c 901488
|d 903418
|
| 952 |
|
|
|t P60, <03>, [BOOK], {603}
|a SNK
|b SNK
|y PREZ
|7 0
|p 17A0378561
|o snkSC 111217
|i snkKSP 4441/2003
|0 0
|1 0
|4 0
|d 2003-03-14
|f 1
|l 0
|r 2025-10-01 00:00:00
|w 2026-02-24
|
| 952 |
|
|
|t P60, <04>, [BOOK], {604}
|a SNK
|b SNK
|y VYP
|7 0
|p 17A0378562
|o snkSC 111217 D1
|i snkKSP 4442/2003
|0 0
|1 0
|4 0
|d 2003-03-14
|l 0
|r 2005-01-02 00:00:00
|w 2026-02-24
|